Statistiques concernant La Picardie de A à Z

Cliquez ici pour prendre le quiz!

Statistiques générales

  • Ce quiz a été pris 33 fois
  • Le résultat moyen est 17 sur 24

Statistiques - réponses

LettreIndiceRéponse% Correct
ACélèbre personnage de BD ayant son parc d'attraction dans l'OiseAstérix
100%
BEstuaire de la Somme{Baie} de Somme
95%
YCommune au nom le plus court de la région et de FranceY
95%
MPrésident de la République né dans la régionEmmanuel Macron
91%
ZParc animalier amiénois{Zoo} d'Amiens
91%
CVille au célèbre château et au nom sucréChantilly
86%
QNuméro de la Somme80
77%
DAuteur des Trois Mousquetaires et du Comte de Monte-CristoAlexandre Dumas
77%
GChanteur de Toi + Moi et de Rue des ÉtoilesGrégoire
77%
SPlus grande ville de l'AisneSaint-Quentin
77%
VÉvénement historique sous Clovis{Vase} de Soissons
77%
KRappeur ayant rendu célèbre le village de Marly-GomontKamini
73%
ECélèbre chef cuisinier de Top Chef né dans l'AisnePhilippe Etchebest
73%
TFamille de chocolatiers, qui est également la famille d'une Première DameTrogneux
73%
PCélèbre course cycliste surnommée "L'Enfer du Nord" démarrant dans l'OiseParis-Roubaix
68%
UInstitution qui a classé la cathédrale Notre-Dame d'Amiens depuis 1981UNESCO
68%
HJardins amiénois flottantsHortillonnages
59%
NVille de l'Oise ayant un palindrome comme nomNoyon
55%
WLieu de signature d'un texte historique{Wagon} de l'Armistice
55%
XSiècle où apparaît officiellement le terme PicardieXVIIIe siècle
55%
LNom du stade de l'Amiens SCStade de la {Licorne}
50%
RVille de la Somme homonyme à un monarqueRoye
41%
IGentilé de l'OiseIsariens / Isariennes
32%
FPersonnage faisant un Tour du Monde en 80 jours dans un roman écrit en PicardiePhileas Fogg
32%

Distribution des résultats

Percentile par nombre de réponses

% des personnes avec chaque résultat

Votre développement - résultats

Vous n’avez pas pris ce quiz